000 01409nam a22002777a 4500
005 20170124103123.0
010 _aA-982125
020 _c400.00
_a8173152896
035 _aA-982125
037 _bCen Lib/Ret
040 _aDPL
_bHN
082 _a355.43
_bभारती
100 _aकपूर, मस्तराम
_982460
245 _aभारतीय परमाणु शस्त्र :
_cसंपादक जसजीत सिंह ; अनुवादक अरुण कुमार त्रिपाठी
_bएक नई दिशा /
246 _aBahrtiye parmanu shastr : ek nayi disha /
_bsampadak Jasjeet Singh ; anuvadak Arun Kumar Tripathi
260 _bप्रभात प्रकाशन
_aनई दिल्ली
_c1999
270 _bनई दिल्ली
_a4/19, आसफ अली रोड
_e110002
300 _a379पृ.
_c20सेमी(सजिल्द)
650 _aनाभिकीय नीति -- भारत
_982461
650 _aनाभिकीय अस्त्र और सिद्धान्त -- चीन
_982462
650 _aNuclear policy - India
_982463
650 _aNuclear weapons and doctrine - China
_982464
700 _aजसजीत सिंह
_982465
700 _a त्रिपाठी, अरुण कुमार
_952576
942 _2ddc
_cHN
_h355.43
_mभारती
999 _c118908
_d118908